000
00303nam a2200121Ia 4500
008
190216s9999||||xx |||||||||||||| ||und||
100
_a
Wiggles Worth V B
245
0
_a
Principles Of Insect Physiology
260
_b
English Language Book Society
_c
1965
300
_a
741p
650
_a
Botany
942
_c
BK
999
_c
1180
_d
1180